000 00558nam a2200193Ia 4500
003 GCL
008 140319s9999 xx 000 0 ara d
040 _aGCL /
_cGCL
082 0 4 _a103
_bر ب
100 1 _aرمسيس عوض
245 1 0 _aبرتراندراسل :
_bالمفكر السياسى /
_cرمسيس عوض
300 _a238 ص ؛
_c24 سم
490 _a
650 0 4 _aالفلسفة
650 0 4 _aالفلاسفة الغربيون
650 0 4 _aراسل، برتراند
650 0 4 _aالفلسفة الانجليزية
942 _2ddc
_cBK
999 _c40059
_d40059